[Event "ISR-chT"]
[Site "Israel"]
[Date "2023.05.05"]
[Round "9.6"]
[White "Khmelniker, Ilya"]
[Black "Kantsler, Boris"]
[Result "1-0"]
[WhiteElo "2476"]
[BlackElo "2407"]
[PlyCount "65"]
[EventDate "2023.01.11"]
[EventType "team-tourn"]
[EventRounds "11"]
[EventCountry "ISR"]
[SourceTitle "EXT 2024"]
[Source "ChessBase"]
[SourceDate "2023.10.10"]
[SourceVersion "1"]
[SourceVersionDate "2023.10.10"]
[SourceQuality "1"]
[WhiteTeam "Beer Sheva II"]
[BlackTeam "Ashdod II"]
[WhiteTeamCountry "ISR"]
[BlackTeamCountry "ISR"]

1. d4 d6 2. c4 e5 3. d5 Be7 4. Nc3 Bg5 5. Bxg5 Qxg5 6. Nf3 Qe7 7. g3 Nf6 8. e4 0-0 9. Bg2 a5 10. 0-0 Na6 11. Ne1 Nc5 12. Nc2 Bd7 13. Ne3 Rfe8 14. Qc2 Ng4 15. Nf5 Bxf5 16. exf5 Qg5 17. h4 Qh6 18. Rae1 Re7 19. Re2 Nf6 20. b3 Qh5 21. Bh3 Rae8 22. f3 g5 23. Bg4 Nxg4 24. fxg4 Qxg4 25. f6 Rd7 26. Ne4 gxh4 27. Nxc5 dxc5 28. Qe4 Qxe4 29. Rxe4 hxg3 30. Rf5 h6 31. Rg4+ Kf8 32. Rh5 Rd6 33. Rxh6 1-0

[Event "ISR-chT"]
[Site "Israel"]
[Date "2023.02.10"]
[Round "7.6"]
[White "Motylev, Alexander"]
[Black "Kantsler, Boris"]
[Result "1-0"]
[WhiteElo "2624"]
[BlackElo "2407"]
[PlyCount "57"]
[EventDate "2023.01.11"]
[EventType "team-tourn"]
[EventRounds "11"]
[EventCountry "ISR"]
[SourceTitle "EXT 2024"]
[Source "ChessBase"]
[SourceDate "2023.10.10"]
[SourceVersion "1"]
[SourceVersionDate "2023.10.10"]
[SourceQuality "1"]
[WhiteTeam "Rishon Le Zion"]
[BlackTeam "Ashdod II"]
[WhiteTeamCountry "ISR"]
[BlackTeamCountry "ISR"]

1. e4 c5 2. Nf3 e6 3. d4 cxd4 4. Nxd4 a6 5. a3 Nf6 6. Nc3 Qc7 7. f4 d6 8. Be3 b5 9. g4 Bb7 10. Bg2 Nc6 11. g5 Nd7 12. Qe2 Be7 13. 0-0-0 Nxd4 14. Bxd4 e5 15. Be3 exf4 16. Bxf4 Ne5 17. h4 0-0 18. Kb1 Nc4 19. Rh3 Rfe8 20. h5 Bf8 21. g6 Re6 22. Rg3 Rae8 23. Bh3 R6e7 24. gxh7+ Kxh7 25. Rdg1 Qc5 26. Qg2 f6 27. h6 g5 28. Bxg5 Rxe4 29. Be3 1-0

[Event "ISR-chT"]
[Site "Israel"]
[Date "2023.01.21"]
[Round "4.5"]
[White "Pultinevicius, Paulius"]
[Black "Kantsler, Boris"]
[Result "0-1"]
[WhiteElo "2570"]
[BlackElo "2407"]
[PlyCount "92"]
[EventDate "2023.01.11"]
[EventType "team-tourn"]
[EventRounds "11"]
[EventCountry "ISR"]
[SourceTitle "CBM 212 Extra"]
[Source "ChessBase"]
[SourceDate "2023.03.31"]
[SourceVersion "1"]
[SourceVersionDate "2023.03.31"]
[SourceQuality "1"]
[WhiteTeam "Ramat Gan II"]
[BlackTeam "Ashdod II"]
[WhiteTeamCountry "ISR"]
[BlackTeamCountry "ISR"]

1. d4 d6 2. Nf3 g6 3. g3 Bg7 4. Bg2 Nf6 5. 0-0 0-0 6. c4 Nc6 7. Nc3 a6 8. Bf4 Bd7 9. Rc1 Rb8 10. a3 b5 11. cxb5 axb5 12. b4 e6 13. e4 h6 14. e5 dxe5 15. Nxe5 Ne7 16. g4 Rb6 17. Qd2 h5 18. h3 Ra6 19. Nb1 hxg4 20. hxg4 Nfd5 21. Bg3 Ra7 22. Rfe1 Nb6 23. Bh4 Qe8 24. Rc5 Ned5 25. Nc3 c6 26. Qc1 Qa8 27. Nb1 Rc8 28. Be4 Be8 29. Bg3 Ne7 30. Kg2 Rd8 31. Qe3 f6 32. Nf3 Nc4 33. Qc1 Nxa3 34. Nbd2 Nd5 35. Rh1 Nxb4 36. Qg1 f5 37. gxf5 exf5 38. Bxf5 gxf5 39. Rxf5 Rd5 40. Qh2 Bg6 41. Rxd5 Nxd5 42. Ne5 Qe8 43. Qh4 Nc4 44. Ndf3 Bc2 45. Re1 Nxe5 46. Nxe5 b4 0-1

[Event "Dov Porat Rapid-A"]
[Site "Ramat Gan"]
[Date "2021.09.22"]
[Round "3"]
[White "Zanan, Evgeny"]
[Black "Kantsler, Boris"]
[Result "1/2-1/2"]
[WhiteElo "2528"]
[BlackElo "2412"]
[PlyCount "108"]
[EventDate "2021.09.22"]
[EventType "swiss (rapid)"]
[EventRounds "9"]
[EventCountry "ISR"]
[SourceTitle "CBM 204 Extra"]
[Source "ChessBase"]
[SourceDate "2021.11.30"]
[SourceVersion "1"]
[SourceVersionDate "2021.11.30"]
[SourceQuality "1"]

1. e4 d6 2. d4 Nf6 3. Nc3 e5 4. Nf3 Nbd7 5. Bc4 Be7 6. 0-0 0-0 7. Re1 a6 8. a4 b6 9. h3 Bb7 10. Bf1 c6 11. d5 cxd5 12. Nxd5 Nc5 13. Nxf6+ Bxf6 14. Nd2 b5 15. axb5 axb5 16. Rxa8 Qxa8 17. Qg4 Qa4 18. c3 b4 19. b3 Nxb3 20. Qd1 Nc5 21. Qxa4 Nxa4 22. cxb4 d5 23. exd5 Bxd5 24. Nc4 e4 25. b5 Rb8 26. Ne3 Bc3 27. Rd1 Bb3 28. Rd7 Nb6 29. Re7 Be6 30. Ba3 h6 31. Bd6 Ra8 32. Rb7 Nd5 33. Rb8+ Rxb8 34. Bxb8 Bd4 35. Nxd5 Bxd5 36. Bc7 Kf8 37. g4 Ke7 38. b6 Bb7 39. Bb5 e3 40. fxe3 Bxe3+ 41. Kf1 g6 42. Ke2 Bg1 43. Bd3 Ke6 44. Bc4+ Ke7 45. Kf1 Bc5 46. Bd3 Ke6 47. Ke2 f5 48. gxf5+ gxf5 49. Bc4+ Kf6 50. Bd3 Kg5 51. Kf1 Kf6 52. Ke2 Kg5 53. Kf1 Kf6 54. Ke2 Kg5 1/2-1/2

[Event "Budapest Vezerkepzo GM 8th"]
[Site "Budapest"]
[Date "2021.08.22"]
[Round "2"]
[White "Stinka, Jakub"]
[Black "Kantsler, Boris"]
[Result "1/2-1/2"]
[WhiteElo "2244"]
[BlackElo "2426"]
[PlyCount "45"]
[EventDate "2021.08.21"]
[EventType "tourn"]
[EventRounds "9"]
[EventCountry "HUN"]
[EventCategory "6"]
[SourceTitle "CBM 204 Extra"]
[Source "ChessBase"]
[SourceDate "2021.11.30"]
[SourceVersion "1"]
[SourceVersionDate "2021.11.30"]
[SourceQuality "1"]

1. d4 d6 2. Nf3 g6 3. c4 Bg7 4. Nc3 Nc6 5. d5 Ne5 6. Nxe5 Bxe5 7. e4 Bg7 8. Be3 c6 9. Be2 Nf6 10. 0-0 0-0 11. Qd2 Qa5 12. a3 cxd5 13. exd5 Bf5 14. b4 Qd8 15. Bd4 a5 16. Rfe1 e6 17. Bf3 e5 18. Be3 b6 19. Rac1 Re8 20. Nb5 Qb8 21. Nc3 Qd8 22. Nb5 Qb8 23. Nc3 1/2-1/2

[Event "ISR-chT"]
[Site "Israel"]
[Date "2021.05.07"]
[Round "5.4"]
[White "Kantsler, Boris"]
[Black "Kaganskiy, Gleb"]
[Result "1/2-1/2"]
[WhiteElo "2428"]
[BlackElo "2267"]
[PlyCount "23"]
[EventDate "2021.04.22"]
[EventType "team-tourn"]
[EventRounds "11"]
[EventCountry "ISR"]
[SourceTitle "EXT 2022"]
[Source "ChessBase"]
[SourceDate "2021.10.06"]
[SourceVersion "1"]
[SourceVersionDate "2021.10.06"]
[SourceQuality "1"]
[WhiteTeam "Ashdod Elite"]
[BlackTeam "Rishon Le Zion Fridman"]
[WhiteTeamCountry "ISR"]
[BlackTeamCountry "ISR"]

1. d4 d5 2. c4 e6 3. Nf3 Nf6 4. Nc3 Be7 5. Bg5 h6 6. Bh4 dxc4 7. e3 c5 8. Bxc4 cxd4 9. exd4 0-0 10. 0-0 Nc6 11. Re1 b6 12. a3 1/2-1/2

[Event "Monaco Sulava Memorial 1st"]
[Site "Monte Carlo"]
[Date "2019.11.29"]
[Round "8"]
[White "Bressac, Stephane"]
[Black "Kantsler, Boris"]
[Result "0-1"]
[WhiteElo "2296"]
[BlackElo "2443"]
[PlyCount "80"]
[EventDate "2019.11.29"]
[EventType "swiss"]
[EventRounds "9"]
[EventCountry "MNC"]
[SourceTitle "CBM 193 Extra"]
[Source "ChessBase"]
[SourceDate "2020.01.31"]
[SourceVersion "1"]
[SourceVersionDate "2020.01.31"]
[SourceQuality "1"]

1. e4 d6 2. d4 Nf6 3. Nc3 e5 4. Nge2 Be7 5. g3 c6 6. a4 a5 7. Bg2 Na6 8. 0-0 0-0 9. h3 Nb4 10. Be3 Re8 11. g4 Bf8 12. Ng3 exd4 13. Bxd4 d5 14. exd5 Nfxd5 15. Nxd5 Nxd5 16. c3 Nf4 17. Be3 Nxg2 18. Qxd8 Rxd8 19. Kxg2 Be6 20. f3 Rd3 21. Kf2 Bb3 22. Ne2 Re8 23. Bf4 Bc5+ 24. Nd4 Bxd4+ 25. cxd4 Rxd4 26. Rfe1 Rxe1 27. Rxe1 f6 28. Bc7 Rxa4 29. Re7 b5 30. Bb6 Bd5 31. Ke3 Rb4 32. Bd4 Rb3+ 33. Kd2 Rxf3 34. h4 Rf4 35. Ke3 Rxg4 36. Ra7 Rxh4 37. Rxa5 Rh3+ 38. Kf4 Kf7 39. Ra7+ Kg6 40. Be3 h5 0-1

[Event "Monaco Sulava Memorial 1st"]
[Site "Monte Carlo"]
[Date "2019.11.29"]
[Round "1"]
[White "Kantsler, Boris"]
[Black "Dubois, Martine"]
[Result "1-0"]
[WhiteElo "2443"]
[BlackElo "1851"]
[PlyCount "51"]
[EventDate "2019.11.29"]
[EventType "swiss"]
[EventRounds "9"]
[EventCountry "MNC"]
[SourceTitle "CBM 193 Extra"]
[Source "ChessBase"]
[SourceDate "2020.01.31"]
[SourceVersion "1"]
[SourceVersionDate "2020.01.31"]
[SourceQuality "1"]

1. d4 d5 2. c4 dxc4 3. Nf3 a6 4. e3 Nf6 5. Bxc4 Nbd7 6. Ng5 e6 7. Bxe6 Bb4+ 8. Nc3 0-0 9. Bb3 b6 10. 0-0 Bb7 11. Nxf7 Rxf7 12. Bxf7+ Kxf7 13. Qb3+ Kf8 14. Qxb4+ c5 15. dxc5 Nxc5 16. e4 Qc7 17. e5 Nfd7 18. Bf4 Qc6 19. f3 Kg8 20. Rfd1 Nf8 21. Rd6 Qe8 22. Qxb6 Nfd7 23. Qb4 Rb8 24. Qc4+ Kh8 25. e6 Qf8 26. exd7 1-0

[Event "Monaco Sulava Memorial 1st"]
[Site "Monte Carlo"]
[Date "2019.11.29"]
[Round "7"]
[White "Kantsler, Boris"]
[Black "Mogranzini, Roberto"]
[Result "0-1"]
[WhiteElo "2443"]
[BlackElo "2455"]
[PlyCount "81"]
[EventDate "2019.11.29"]
[EventType "swiss"]
[EventRounds "9"]
[EventCountry "MNC"]
[SourceTitle "CBM 193 Extra"]
[Source "ChessBase"]
[SourceDate "2020.01.31"]
[SourceVersion "1"]
[SourceVersionDate "2020.01.31"]
[SourceQuality "1"]

1. d4 Nf6 2. c4 g6 3. Nf3 Bg7 4. g3 0-0 5. Bg2 Nc6 6. 0-0 Rb8 7. Nc3 a6 8. d5 Na5 9. Qa4 c5 10. dxc6 bxc6 11. c5 Nd5 12. Nxd5 cxd5 13. Rb1 Nc6 14. b4 Bb7 15. Rd1 e6 16. Bg5 Bf6 17. Bf4 Ra8 18. Bd6 Be7 19. Bxe7 Qxe7 20. e3 Qf6 21. a3 Rfd8 22. Nd4 Ne5 23. Qc2 Nc4 24. Qd3 Bc6 25. e4 Ne5 26. Qe2 dxe4 27. Nxc6 dxc6 28. Bxe4 Rxd1+ 29. Rxd1 a5 30. f4 axb4 31. axb4 Ra4 32. fxe5 Qxe5 33. Bf3 Qc3 34. Bxc6 Rxb4 35. Qf2 Rb2 36. Qd4 Qc2 37. Qd8+ Kg7 38. Qd4+ Kg8 39. Qd8+ Kg7 40. Qd4+ f6 41. Qd7+ 0-1

[Event "Monaco Sulava Memorial 1st"]
[Site "Monte Carlo"]
[Date "2019.11.29"]
[Round "6"]
[White "Villegas, Pierre"]
[Black "Kantsler, Boris"]
[Result "0-1"]
[WhiteElo "2333"]
[BlackElo "2443"]
[PlyCount "60"]
[EventDate "2019.11.29"]
[EventType "swiss"]
[EventRounds "9"]
[EventCountry "MNC"]
[SourceTitle "CBM 193 Extra"]
[Source "ChessBase"]
[SourceDate "2020.01.31"]
[SourceVersion "1"]
[SourceVersionDate "2020.01.31"]
[SourceQuality "1"]

1. d4 d6 2. e4 Nf6 3. f3 e5 4. Ne2 Be7 5. c4 0-0 6. Nbc3 c6 7. Be3 a6 8. d5 cxd5 9. cxd5 b5 10. Qd2 Nbd7 11. Nc1 Nb6 12. b3 b4 13. Nd1 a5 14. Nb2 Nh5 15. Nc4 Nxc4 16. Bxc4 h6 17. a3 bxa3 18. Rxa3 Bh4+ 19. g3 Bg5 20. 0-0 Bh3 21. Rf2 Qe7 22. Bxg5 hxg5 23. Rxa5 Rxa5 24. Qxa5 g4 25. Qd2 gxf3 26. Rxf3 Nf6 27. Bd3 Rc8 28. b4 Qa7+ 29. Kh1 Qa1 30. Bc2 Nxe4 0-1

[Event "Netanya op"]
[Site "Netanya"]
[Date "2019.06.30"]
[Round "7"]
[White "Huzman, Alexander"]
[Black "Kantsler, Boris"]
[Result "1/2-1/2"]
[WhiteElo "2588"]
[BlackElo "2420"]
[PlyCount "77"]
[EventDate "2019.06.23"]
[EventType "swiss"]
[EventRounds "9"]
[EventCountry "ISR"]
[SourceTitle "CBM 191 Extra"]
[Source "ChessBase"]
[SourceDate "2019.09.30"]
[SourceVersion "1"]
[SourceVersionDate "2019.09.30"]
[SourceQuality "1"]

1. d4 d6 2. e4 Nf6 3. Nc3 e5 4. Nf3 exd4 5. Nxd4 Be7 6. Nde2 c6 7. g3 b5 8. Bg2 a6 9. Bf4 0-0 10. 0-0 Ng4 11. Nd4 Ne5 12. b3 Bf6 13. Qd2 Ra7 14. Rad1 Re7 15. h3 Rfe8 16. Be3 b4 17. Na4 a5 18. Nf5 Bxf5 19. exf5 Rb7 20. g4 d5 21. Nc5 Rb5 22. Na4 Ned7 23. g5 Be7 24. Rfe1 Bf8 25. h4 Rb7 26. Bd4 Na6 27. Rxe8 Qxe8 28. Re1 Qd8 29. f6 Nc7 30. fxg7 Bxg7 31. Bxg7 Kxg7 32. c4 Nf8 33. Nc5 Rb8 34. Qf4 Kg8 35. cxd5 cxd5 36. Bh3 Rb6 37. Rd1 Qe7 38. Qd4 Nb5 39. Qe3 1/2-1/2

[Event "Netanya op"]
[Site "Netanya"]
[Date "2019.06.23"]
[Round "1"]
[White "Gerchikov, Pavel"]
[Black "Kantsler, Boris"]
[Result "0-1"]
[WhiteElo "1902"]
[BlackElo "2420"]
[PlyCount "86"]
[EventDate "2019.06.23"]
[EventType "swiss"]
[EventRounds "9"]
[EventCountry "ISR"]
[SourceTitle "CBM 191 Extra"]
[Source "ChessBase"]
[SourceDate "2019.09.30"]
[SourceVersion "1"]
[SourceVersionDate "2019.09.30"]
[SourceQuality "1"]

1. e4 g6 2. h4 h5 3. d4 d5 4. exd5 Qxd5 5. Nc3 Qd8 6. Nf3 Bg4 7. Be2 Bg7 8. Be3 Nh6 9. Ne5 Bxe5 10. dxe5 Qxd1+ 11. Rxd1 Bxe2 12. Kxe2 Nf5 13. Nd5 Na6 14. c3 0-0-0 15. g3 e6 16. Nf6 Nb8 17. Ne4 Nc6 18. Bg5 Rd5 19. Bf6 Re8 20. f4 Ra5 21. Ra1 Ra4 22. b4 a5 23. a3 b6 24. Kf3 Kb7 25. Ng5 Ra8 26. b5 Na7 27. Nxf7 Nxb5 28. Nd8+ Rxd8 29. Bxd8 Nxc3 30. Rhc1 Nd4+ 31. Kg2 Nd5 32. Kh3 Nb3 33. Rd1 Nxa1 34. Rxa1 Rd4 35. Bg5 Rd3 36. Kg2 Ne3+ 37. Kf2 a4 38. Ke2 Rb3 39. Be7 Nf5 40. Bb4 Nxg3+ 41. Kf2 Nf5 42. Rg1 Nxh4 43. Be7 Rb2+ 0-1

[Event "ISR-chT"]
[Site "Israel"]
[Date "2019.02.22"]
[Round "7.2"]
[White "Aharon, Ofir"]
[Black "Kantsler, Boris"]
[Result "0-1"]
[WhiteElo "2310"]
[BlackElo "2398"]
[PlyCount "94"]
[EventDate "2019.01.04"]
[EventType "team-tourn"]
[EventRounds "11"]
[EventCountry "ISR"]
[SourceTitle "CBM 189 Extra"]
[Source "ChessBase"]
[SourceDate "2019.06.03"]
[SourceVersion "1"]
[SourceVersionDate "2019.06.03"]
[SourceQuality "1"]
[WhiteTeam "Kfar Saba Hapoel II"]
[BlackTeam "Ashdod Elite"]
[WhiteTeamCountry "ISR"]
[BlackTeamCountry "ISR"]

1. e4 d6 2. d4 Nf6 3. Nc3 e5 4. Nge2 Nc6 5. h3 Be7 6. g4 d5 7. exd5 Nxd5 8. dxe5 Nxc3 9. Qxd8+ Bxd8 10. Nxc3 Nxe5 11. Bg2 0-0 12. 0-0 f5 13. f4 Ng6 14. g5 c6 15. Kh2 h6 16. gxh6 gxh6 17. Ne2 Bf6 18. Ng3 Be6 19. Nh5 Bh8 20. Be3 Rfe8 21. Rae1 Rad8 22. Rg1 Kf7 23. Bf1 Bd5 24. Rg3 Nh4 25. Be2 Rxe3 26. Rxe3 Ng2 27. Bd3 Nxe1 28. Rxe1 Be4 29. Bxe4 fxe4 30. Ng3 Rd2+ 31. Re2 Rxe2+ 32. Nxe2 Bxb2 33. Kg2 Ke6 34. Kf2 Kd5 35. Ke3 b5 36. f5 Bf6 37. Kf4 h5 38. Nc1 c5 39. Ne2 b4 40. Nc1 c4 41. Ne2 a5 42. Ke3 Bg5+ 43. Kf2 Ke5 44. Kg2 a4 45. Kg3 b3 46. cxb3 cxb3 47. axb3 axb3 0-1